Sports Quiz

Random Sports or NFL Quiz

Big 4 Teams by Number of Letters Quiz Stats

Quiz Updated Jun 12, 2017

Also try: Big 4 Word Quest
Challenge
Share
Tweet
Embed
Score 0/30 Timer 05:00
5 Plays Today
Number of Characters Sport Team % Correct
4 CharactersCubs, Reds, Mets, Rays
95.5%
6 CharactersBraves, Red Sox,...
91.6%
7 CharactersOrioles, Indians,...
91.2%
4 CharactersHeat, Nets, Suns, Jazz
91.1%
8 CharactersChargers, Dolphins,...
88.8%
5 CharactersHawks, Bulls,...
88%
6 CharactersBrowns, Chiefs,...
87.7%
5 Characters49ers, Bears, Bills,...
86.6%
7 CharactersBengals, Broncos,...
85.1%
4 CharactersJets, Rams
84.5%
7 CharactersCeltics, Hornets,...
81.9%
8 CharactersWhite Sox, Phillies,...
78.3%
8 CharactersRed Wings, Panthers,...
76.8%
6 CharactersPacers, Lakers,...
76.5%
6 CharactersBruins, Sabres,...
76.3%
Number of Characters Sport Team % Correct
9 CharactersAthletics, Cardinals,...
74.4%
9 CharactersAvalanche,...
72.8%
5 CharactersDucks, Stars, Kings,...
71.4%
7 CharactersRangers, Coyotes,...
64.3%
4 CharactersJets, Wild
62.2%
10 CharactersHurricanes,...
61.6%
12 CharactersTimberwolves,...
58.8%
9 CharactersCavaliers,...
55.4%
9 CharactersCardinals
51.9%
12 CharactersDiamondbacks
49.5%
8 CharactersWarriors, Clippers,...
48.9%
10 CharactersBuccaneers
48.4%
5 CharactersTwins
39.5%
11 CharactersBlue Jackets
32.4%
13 CharactersGolden Knights
31.5%

You're not logged in!

Compare scores with friends on all Sporcle quizzes.
Sign Up with Email
OR
Log In

You Might Also Like...

Show Comments

Extras

Top Quizzes Today


Score Distribution

Your Account Isn't Verified!

In order to create a playlist on Sporcle, you need to verify the email address you used during registration. Go to your Sporcle Settings to finish the process.